Sports Quiz

Random Sports or NHL Quiz

NHL Close-Up Logos Quiz Stats

 Plays Quiz Updated Aug 17, 2017

Also try: NBA Close-Up Logos
Challenge
Share
Tweet
Score 0/31 Timer 03:00
0 Plays Today
% Correct
San Jose Sharks
94.2%
Pittsburgh Penguins
93%
Los Angeles Kings
93%
Philadelphia Flyers
92.9%
Chicago Blackhawks
92.4%
Dallas Stars
92.1%
Calgary Flames
91.8%
Minnesota Wild
91.6%
St. Louis Blues
88.6%
New York Islanders
88.6%
Anaheim Ducks
88.1%
Buffalo Sabres
87.8%
Toronto Maple Leafs
87.5%
New Jersey Devils
87.1%
Florida Panthers
85.8%
Colorado Avalanche
85.7%
% Correct
Detroit Red Wings
85%
Ottawa Senators
82.6%
Winnipeg Jets
82.4%
Vancouver Canucks
82.3%
Columbus Blue Jackets
81.6%
New York Rangers
81%
Carolina Hurricanes
79.6%
Edmonton Oilers
78.7%
Arizona Coyotes
78.1%
Boston Bruins
77.9%
Nashville Predators
77.4%
Montreal Canadiens
76.6%
Washington Capitals
75.1%
Tampa Bay Lightning
68.6%
Vegas Golden Knights
65.9%

You're not logged in!

Compare scores with friends on all Sporcle quizzes.
OR
Log In

You Might Also Like...

Show Comments

Extras

Top Quizzes Today


Score Distribution

Your Account Isn't Verified!

In order to create a playlist on Sporcle, you need to verify the email address you used during registration. Go to your Sporcle Settings to finish the process.

Report this User

Report this user for behavior that violates our Community Guidelines.

Details: